| 000 | 00610nam a22001937a 4500 | ||
|---|---|---|---|
| 005 | 20251108164912.0 | ||
| 008 | 250721s2002 xx 000 0 ara d | ||
| 082 | 1 | 4 | _a218.832/فال |
| 100 | 1 | _aالفالوجي، عماد | |
| 245 | 1 | 0 |
_aدرب الأشواك : _bحماس ... الإنتفاضة ... السلطة / |
| 264 | 1 |
_aعمان : _bدار الشروق، _c2002. |
|
| 300 | _a456ص | ||
| 650 | 1 | 7 | _aالأحزاب السياسية |
| 650 | 1 | 7 | _aحماس |
| 650 | 1 | 7 | _aالسلطة الوطنية |
| 650 | 1 | 7 | _aالأنتفاضة الفلسطينية 1987- |
| 942 |
_2ddc _cBK |
||
| 999 |
_c17062 _d17062 |
||